000 00702nam a2200265Ia 4500
005 20260324152722.0
008 008 260324s9999 xx 000 0 eng d
020 _a9780444563651
037 _aEBOOK
040 _aCRL
040 _beng
040 _cCRL
041 _2eng
041 _aeng
084 _qCRL
100 _aSlatt, Roger
_91229566
245 0 _aStratigraphic Reservoir Characterization for Petroleum Geologists, Geophysicists, and Engineers
260 _bElsevier
260 _c2013
650 _aEarth and Planetary Sciences
856 _uhttps://www.sciencedirect.com/science/book/9780444563651
942 _cEBOOK
999 _c1840378
_d1840378